[Event "UKR-chT Clubs"]
[Site "Alushta"]
[Date "2011.05.15"]
[Round "3.5"]
[White "Firman, Nazar"]
[Black "Martiyan, Alexandr"]
[Result "1-0"]
[WhiteElo "2542"]
[BlackElo "2172"]
[PlyCount "73"]
[EventDate "2011.05.13"]
[EventType "team-tourn"]
[EventRounds "9"]
[EventCountry "UKR"]
[SourceTitle "CBM 142 Extra"]
[Source "ChessBase"]
[SourceDate "2011.06.27"]
[SourceVersion "1"]
[SourceVersionDate "2011.06.27"]
[SourceQuality "1"]
[WhiteTeam "Kharkov Law Academy"]
[BlackTeam "Nikopol Nika-NZF"]
[WhiteTeamCountry "UKR"]
[BlackTeamCountry "UKR"]

1. e4 d6 2. d4 g6 3. Nc3 Bg7 4. h4 Nf6 5. Be2 Nc6 6. h5 gxh5 7. Bg5 h6 8. Bh4 e5 9. dxe5 Nxe5 10. Bxh5 0-0 11. Nf3 Ng6 12. Bxg6 fxg6 13. Qd3 Qe8 14. 0-0-0 Bg4 15. Rde1 Nh5 16. Nd5 Rf7 17. e5 Bf5 18. Qb3 dxe5 19. Nxe5 Bxe5 20. Ne7+ Kh7 21. Rxe5 Rg7 22. f3 g5 23. Rhe1 Bg6 24. Nf5 Qf8 25. Nxg7 Nxg7 26. Bxg5 hxg5 27. Rh1+ Nh5 28. g4 Qf4+ 29. Qe3 Qc4 30. Rc5 Qxa2 31. Qe7+ Qf7 32. Qxf7+ Bxf7 33. Rxc7 Rf8 34. Rxh5+ Kg6 35. Rxb7 Bd5 36. Rb5 Rd8 37. b3 1-0

[Event "UKR-chT 17th"]
[Site "Alushta"]
[Date "2010.05.18"]
[Round "9.3"]
[White "Demkovich, Anatoliy"]
[Black "Martiyan, Alexandr"]
[Result "1-0"]
[WhiteElo "2392"]
[BlackElo "2171"]
[PlyCount "64"]
[EventDate "2010.05.13"]
[EventType "team-tourn"]
[EventRounds "11"]
[EventCountry "UKR"]
[SourceTitle "EXT 2019"]
[Source "ChessBase"]
[SourceDate "2018.10.10"]
[SourceVersion "1"]
[SourceVersionDate "2018.10.10"]
[SourceQuality "1"]
[WhiteTeam "Donetsk Adel"]
[BlackTeam "Nikopol Nika-NZF"]
[WhiteTeamCountry "UKR"]
[BlackTeamCountry "UKR"]

1. e4 c5 2. c3 b6 3. d4 cxd4 4. cxd4 Bb7 5. Bd3 e6 6. Nc3 Nc6 7. Nf3 Nb4 8. Bb1 Ba6 9. a3 Nc6 10. b4 Rc8 11. Bb2 Bc4 12. Nd2 b5 13. Nxc4 bxc4 14. d5 Ne5 15. 0-0 h5 16. h3 a5 17. Qd4 Nf3+ 18. gxf3 Qg5+ 19. Kh1 Qh4 20. Qe3 Qxh3+ 21. Kg1 h4 22. f4 Qg4+ 23. Kh1 h3 24. Rg1 Qh5 25. dxe6 dxe6 26. Bc2 f6 27. f5 Bd6 28. Rxg7 axb4 29. axb4 Ne7 30. Nb5 Bxb4 31. Ba3 Bxa3 32. Qxa3 Nc6 1-0

[Event "UKR-chT 17th"]
[Site "Alushta"]
[Date "2010.05.16"]
[Round "6.5"]
[White "Martiyan, Alexandr"]
[Black "Krupko, Alexey"]
[Result "1/2-1/2"]
[WhiteElo "2171"]
[BlackElo "2165"]
[PlyCount "94"]
[EventDate "2010.05.13"]
[EventType "team-tourn"]
[EventRounds "11"]
[EventCountry "UKR"]
[SourceTitle "EXT 2019"]
[Source "ChessBase"]
[SourceDate "2018.10.10"]
[SourceVersion "1"]
[SourceVersionDate "2018.10.10"]
[SourceQuality "1"]
[WhiteTeam "Nikopol Nika-NZF"]
[BlackTeam "Tschernihiw No Mercy"]
[WhiteTeamCountry "UKR"]
[BlackTeamCountry "UKR"]

1. d4 Nf6 2. Nf3 g6 3. Bg5 Bg7 4. e3 d6 5. c4 0-0 6. Nc3 h6 7. Bh4 c5 8. Be2 cxd4 9. exd4 Nc6 10. d5 Nb4 11. Nd4 Qb6 12. 0-0 Nfxd5 13. cxd5 Qxd4 14. Bxe7 Re8 15. Bxd6 Qxd1 16. Bxd1 Bxc3 17. bxc3 Nxd5 18. c4 Nb6 19. Rc1 Be6 20. Be2 Bd7 21. Bd3 Bc6 22. c5 Nd5 23. Rfd1 Nb4 24. Bc4 a5 25. a3 Na6 26. Rd4 Kg7 27. h4 Nb8 28. Rc3 Nd7 29. h5 Re1+ 30. Kh2 Rae8 31. hxg6 fxg6 32. Rf4 Nf6 33. Rg3 Be4 34. f3 Bb1 35. Rd4 Bf5 36. Bc7 Nh5 37. Bxa5 R1e3 38. Bb5 R8e7 39. Bb4 Nxg3 40. Kxg3 Rc7 41. Kf4 Ree7 42. Rd8 Be6 43. a4 g5+ 44. Kg3 Rf7 45. Bc3+ Kh7 46. Rh8+ Kg6 47. Be8 Rxc5 1/2-1/2

[Event "UKR-ch sf"]
[Site "Alushta"]
[Date "2008.05.19"]
[Round "9"]
[White "Goroshchenko, Dmitry"]
[Black "Martiyan, Alexandr"]
[Result "1-0"]
[WhiteElo "2252"]
[BlackElo "2157"]
[PlyCount "143"]
[EventDate "2008.05.10"]
[EventType "swiss"]
[EventRounds "9"]
[EventCountry "UKR"]
[SourceTitle "CBM 124 Extra"]
[Source "ChessBase"]
[SourceDate "2008.07.03"]
[SourceVersion "1"]
[SourceVersionDate "2008.07.03"]
[SourceQuality "1"]

1. e4 c5 2. c4 Nc6 3. Ne2 Nf6 4. Nbc3 e6 5. d4 cxd4 6. Nxd4 Bb4 7. Nxc6 bxc6 8. Bd3 e5 9. 0-0 0-0 10. Be3 Qe7 11. Na4 d5 12. Bg5 dxc4 13. Bxc4 h6 14. Bxf6 Qxf6 15. Qe2 Rd8 16. Rfd1 Rd4 17. Rxd4 exd4 18. e5 Qe7 19. Qe4 Bd7 20. Qxd4 c5 21. Qe4 Re8 22. e6 fxe6 23. Nc3 Qf6 24. Rd1 Rf8 25. Qe3 Bc8 26. Rd6 Kh8 27. g3 Ba5 28. h4 Qe7 29. Ne4 Bc7 30. Rc6 Be5 31. Qxc5 Qxc5 32. Nxc5 Bxb2 33. Bxe6 Bxe6 34. Nxe6 Re8 35. Ra6 Re7 36. h5 Kg8 37. f4 Kf7 38. f5 Kf6 39. g4 Ke5 40. Kf2 Rd7 41. Ra5+ Kf6 42. Ke3 Bc3 43. Ra6 Ke5 44. a3 Bd2+ 45. Ke2 Bc3 46. Nf8 Rd2+ 47. Ke3 Rd1 48. Ng6+ Kd5 49. Nf4+ Kc4 50. Ne2 Bb2 51. a4 Rd7 52. Ke4 Kb4 53. Nf4 Kc4 54. Rc6+ Kb3 55. a5 Rd4+ 56. Kf3 Ka4 57. Rc2 Rb4 58. Nd3 Rb3 59. Rxb2 Rxd3+ 60. Ke4 Rg3 61. Kf4 Rg1 62. a6 Ka5 63. Rb7 Kxa6 64. Rxg7 Rf1+ 65. Kg3 Kb6 66. Rg6+ Kb5 67. Rxh6 a5 68. Rh8 a4 69. Ra8 Kb4 70. h6 Rh1 71. g5 a3 72. f6 1-0

[Event "UKR-ch sf"]
[Site "Alushta"]
[Date "2008.05.14"]
[Round "4"]
[White "Shevtsov, Nikoliy"]
[Black "Martiyan, Alexandr"]
[Result "0-1"]
[WhiteElo "2339"]
[BlackElo "2157"]
[PlyCount "82"]
[EventDate "2008.05.10"]
[EventType "swiss"]
[EventRounds "9"]
[EventCountry "UKR"]
[SourceTitle "CBM 124 Extra"]
[Source "ChessBase"]
[SourceDate "2008.07.03"]
[SourceVersion "1"]
[SourceVersionDate "2008.07.03"]
[SourceQuality "1"]

1. e4 c5 2. Nf3 d6 3. c3 Nf6 4. Bc4 Nc6 5. Qe2 Bg4 6. d3 e6 7. Nbd2 Be7 8. h3 Bh5 9. Bb3 0-0 10. Nf1 b5 11. Ng3 Bg6 12. 0-0 d5 13. Nh4 c4 14. Nxg6 hxg6 15. Bc2 cxd3 16. Bxd3 b4 17. Bb5 Rc8 18. Rd1 bxc3 19. bxc3 Qc7 20. Rb1 Rfd8 21. exd5 Nxd5 22. Bd2 Bf6 23. Ne4 Qe5 24. Ba6 Rb8 25. Rb3 Be7 26. Qf3 Qf5 27. Be2 Ne5 28. Qxf5 gxf5 29. Ng5 Nb6 30. Bf4 Rxd1+ 31. Bxd1 Rd8 32. Be2 Nd3 33. Bxd3 Rxd3 34. Nf3 Rd1+ 35. Kh2 Bc5 36. Kg3 Rd3 37. c4 Rd8 38. Rb5 Rc8 39. Nd2 Be7 40. Ra5 g5 41. Be5 Bb4 0-1

[Event "UKR-chT 13th"]
[Site "Alushta"]
[Date "2006.04.21"]
[Round "7.3"]
[White "Zavgorodniy, Sergiy"]
[Black "Martiyan, Alexandr"]
[Result "1/2-1/2"]
[WhiteElo "2423"]
[BlackElo "2261"]
[PlyCount "156"]
[EventDate "2006.04.15"]
[EventType "team-tourn"]
[EventRounds "9"]
[EventCountry "UKR"]
[SourceTitle "EXT 2019"]
[Source "ChessBase"]
[SourceDate "2018.10.10"]
[SourceVersion "1"]
[SourceVersionDate "2018.10.10"]
[SourceQuality "1"]
[WhiteTeam "Illichivsk Chess Academy"]
[BlackTeam "Nikopol Nika-NZF"]
[WhiteTeamCountry "UKR"]
[BlackTeamCountry "UKR"]

1. e4 d6 2. d4 Nf6 3. Nc3 g6 4. Be2 Bg7 5. Nf3 0-0 6. h3 c6 7. a4 Qc7 8. 0-0 e5 9. Re1 Nbd7 10. dxe5 dxe5 11. Bc4 Re8 12. Ng5 Re7 13. b3 Nb6 14. Ba3 Rd7 15. Bd3 a5 16. Qe2 h6 17. Nf3 Rd8 18. Rad1 Be6 19. Qe3 Nh5 20. Bf1 Rxd1 21. Rxd1 Rd8 22. Rxd8+ Qxd8 23. Ne2 g5 24. Qc5 Nd7 25. Qa7 Qc7 26. Nc3 Bf8 27. Bxf8 Nxf8 28. g3 Ng7 29. Nd1 Ne8 30. Ne3 Nd7 31. Kg2 Nd6 32. Nd2 f6 33. Bc4 Kf7 34. Bxe6+ Kxe6 35. Nec4 h5 36. Qxa5 Qxa5 37. Nxa5 Nc5 38. Kf3 b5 39. axb5 cxb5 40. Nc6 f5 41. exf5+ Kxf5 42. g4+ hxg4+ 43. hxg4+ Ke6 44. Ke3 Kd5 45. Nb4+ Ke6 46. Nd3 Nd7 47. f3 Nb6 48. Nb4 Nd7 49. c4 Nc5 50. Nd3 Nxb3 51. Nxb3 bxc4 52. Nd2 cxd3 53. Kxd3 Kd5 54. Ke3 Nf7 55. Ne4 Kc4 56. Nf6 Nd6 57. Nh7 Kd5 58. Nxg5 Nc4+ 59. Kf2 Nd6 60. Kg3 Kd4 61. Kf2 Kd5 62. Ke3 Nc4+ 63. Kd3 Nb2+ 64. Kc3 Nd1+ 65. Kd2 Nb2 66. Ne4 Ke6 67. Kc3 Nd1+ 68. Kc2 Ne3+ 69. Kd3 Ng2 70. Nc3 Nf4+ 71. Ke4 Ng6 72. Nd5 Nf8 73. g5 Ng6 74. Nc7+ Kf7 75. Kf5 Nh4+ 76. Kxe5 Ng2 77. Nd5 Ne1 78. Ne3 Kg6 1/2-1/2

[Event "UKR-chT 13th"]
[Site "Alushta"]
[Date "2006.04.16"]
[Round "2.4"]
[White "Martiyan, Alexandr"]
[Black "Papenin, Nikolai"]
[Result "0-1"]
[WhiteElo "2261"]
[BlackElo "2339"]
[PlyCount "76"]
[EventDate "2006.04.15"]
[EventType "team-tourn"]
[EventRounds "9"]
[EventCountry "UKR"]
[SourceTitle "EXT 2019"]
[Source "ChessBase"]
[SourceDate "2018.10.10"]
[SourceVersion "1"]
[SourceVersionDate "2018.10.10"]
[SourceQuality "1"]
[WhiteTeam "Nikopol Nika-NZF"]
[BlackTeam "Simferopol Crimean Engin and Pedagog"]
[WhiteTeamCountry "UKR"]
[BlackTeamCountry "UKR"]

1. e4 c5 2. c4 Nc6 3. Nc3 g6 4. g3 Bg7 5. Bg2 d6 6. Nge2 Nf6 7. 0-0 0-0 8. d3 Rb8 9. h3 a6 10. a4 Ne8 11. Be3 Nd4 12. Rb1 Nc7 13. b4 Nxe2+ 14. Nxe2 cxb4 15. a5 Bd7 16. Bb6 Qc8 17. Kh2 h5 18. Rxb4 h4 19. Ba7 Ra8 20. Be3 e5 21. Nc3 Bc6 22. Nd5 Bxd5 23. exd5 f5 24. g4 Ne8 25. gxf5 gxf5 26. f4 Nf6 27. Rb6 Qd7 28. fxe5 dxe5 29. Bg5 Rae8 30. Qb3 Rf7 31. Rb1 e4 32. Bxh4 Nh5 33. dxe4 fxe4 34. Kh1 Rf3 35. Qd1 Rxh3+ 36. Bxh3 Qxh3+ 37. Kg1 Nf4 38. Rg6 Nxg6 0-1

[Event "UKR-chT 13th"]
[Site "Alushta"]
[Date "2006.04.15"]
[Round "1.5"]
[White "Truskavetsky, Alexandr"]
[Black "Martiyan, Alexandr"]
[Result "1-0"]
[WhiteElo "2412"]
[BlackElo "2261"]
[PlyCount "111"]
[EventDate "2006.04.15"]
[EventType "team-tourn"]
[EventRounds "9"]
[EventCountry "UKR"]
[SourceTitle "EXT 2019"]
[Source "ChessBase"]
[SourceDate "2018.10.10"]
[SourceVersion "1"]
[SourceVersionDate "2018.10.10"]
[SourceQuality "1"]
[WhiteTeam "Simferopol Taurida National Univ"]
[BlackTeam "Nikopol Nika-NZF"]
[WhiteTeamCountry "UKR"]
[BlackTeamCountry "UKR"]

1. d4 Nf6 2. c4 g6 3. Nc3 Bg7 4. e4 d6 5. Nf3 0-0 6. Be2 e5 7. 0-0 Nc6 8. d5 Ne7 9. b4 a5 10. bxa5 c5 11. Nd2 Rxa5 12. Nb3 Ra8 13. a4 Ne8 14. a5 f5 15. Na4 Nf6 16. Nb6 Ra7 17. Nxc8 Nxc8 18. exf5 gxf5 19. Bb2 Qe8 20. Qc2 Qg6 21. Kh1 Ne7 22. Rae1 Raa8 23. Rg1 h5 24. f3 Kh8 25. Bd3 Rae8 26. Nxc5 dxc5 27. Bxe5 Nd7 28. Bxg7+ Qxg7 29. Re6 Ng8 30. Bxf5 Rxe6 31. dxe6 Ne5 32. Be4 Re8 33. Rb1 Re7 34. Bd5 Qf6 35. Qf2 Nd3 36. Qe3 Qd4 37. Qxd4+ cxd4 38. Bxb7 Nc5 39. a6 Nxa6 40. Bxa6 Rxe6 41. Bb7 Re5 42. Rd1 Nf6 43. h3 Re7 44. Bd5 d3 45. Rxd3 Kg7 46. Kh2 Re2 47. h4 Rc2 48. Kh3 Rc1 49. Rd2 Kg6 50. Be6 Re1 51. Rd6 Rc1 52. Rc6 Kg7 53. Rc7+ Kg6 54. g4 hxg4+ 55. fxg4 Rc3+ 56. Kg2 1-0